| 000 | 00740nam a22001937a 4500 | ||
|---|---|---|---|
| 999 |
_c164222 _d164222 |
||
| 005 | 20211216150125.0 | ||
| 010 | _aUR-10113 | ||
| 020 |
_c200.00 _a9789388105026 |
||
| 035 | _aU-8668 | ||
| 037 | _bDBAD/PUB | ||
| 082 | _a840.08 | ||
| 100 | _aسيد ا حتشا م ا لد ين | ||
| 245 |
_aا ظہر نير:شخصيت ا و ر کا ر نا ے _cسيد ا حتشا م ا لد ين |
||
| 246 |
_bAzhar Naiyer:Shakhsiyat Aur Khidmat (Urdu) _aComp.by Dr.Syed Md. Ehteshamuddin |
||
| 260 |
_a Delhi _bEducational Publishing House _c2018 ء |
||
| 270 |
_a3191،Vakil Street,Kucha Pandit,Lal Kuan, _bDelhi _e110006 _k23216162 _l00911123211540 |
||
| 300 |
_a192ص _c22 Cm.(bk) |
||
| 942 |
_2ddc _cUR _h840.08 _mا ظ ہ |
||